00413nam a2200169Ia 4500003000400000005001700004006001900021007000300040008004100043024001100084037001200095040002000107041001300127082001600140245003400156260005300190OSt20220928132838.0a|||||r|||| 00| 0 ta220927b |||||||| |||| 00| 0 eng d a121329 cTextual aSDCLcSDCLbeng 2engaeng aV5'N<-J, K8 0aNEW CAMBRIDGE Modern History. aCambridgebCambridge University Press c1968